| 000 | 01362cam a2200349 i 4500 | ||
|---|---|---|---|
| 003 | EG-GICUC | ||
| 005 | 20260331100253.0 | ||
| 008 | 051121s2005 ne frb 000 0 eng d | ||
| 020 |
_a9041123113 _qacid-free paper |
||
| 020 |
_a9789041123114 _q(acid-free paper) |
||
| 040 |
_aUkOxU _cUkOxU _dBAKER _dGyWOH _dDGU-L _dIaU-L _dDLC _dEG-GICUC _beng _erda |
||
| 050 | 0 | 0 |
_aK3830 _b.B57 2005 |
| 082 | 0 | 4 | _221 |
| 092 | 0 | 4 | _221 |
| 099 | _aLaw 12 2005 | ||
| 100 | 1 | _aBishop, R. Doak. | |
| 245 | 1 | 0 |
_aForeign investment disputes : _bcases, materials, and commentary / _cR. Doak Bishop, James Crawford, W. Michael Reisman. |
| 264 |
_aThe Hague : _bKluwer Law International ; _aFrederick, MD : _bSold and distributed in North, Central, and South America by Aspen Publishers, _c2005. |
||
| 300 |
_alv, 1653 pages : _c25 cm. |
||
| 336 |
_atext _2rdacontent |
||
| 337 |
_aComputer _2rdamedia |
||
| 338 |
_aOnline Resource _2rdacarrier |
||
| 504 | _aIncludes bibliographical references. | ||
| 650 | 0 | _aInvestments, Foreign (International law) | |
| 650 | 0 |
_aInvestments, Foreign _xLaw and legislation. |
|
| 650 | 0 | _aInternational commercial arbitration. | |
| 700 | 1 |
_aCrawford, James, _d1948- |
|
| 700 | 1 |
_aReisman, W. Michael _q(William Michael), _d1939- |
|
| 856 | 4 | 0 | _uhttps://fll.law.cu.edu.eg/fulltext/bks/ENGB12-00111.pdf |
| 905 | _a10 | ||
| 942 |
_2ddc _cBK _e21 _n0 |
||
| 999 |
_c67764 _d67764 |
||